[Event "Turniej Niepodleglosci 2023"]
[Site "Warsaw POL"]
[Date "2023.11.11"]
[Round "3.18"]
[White "Dalkowski, Rafal"]
[Black "Chylewski, Patryk"]
[Result "0-1"]
[WhiteElo "2008"]
[BlackElo "2173"]
[PlyCount "132"]

1.d4 Nf6 2.c4 e6 3.Nf3 b6 4.g3 Bb7 5.Bg2 c5 6.d5 exd5 7.cxd5 Bxd5 8.O-O Be7 
9.Re1 Nc6 10.Nc3 Bxf3 11.Bxf3 O-O 12.Bg2 Rc8 13.Bf4 d5 14.Nxd5 Nxd5 15.Qxd5 Bf6 
16.Qb3 Nd4 17.Qa4 Qe7 18.Rad1 Rfd8 19.e4 b5 20.Qa5 Nc2 21.Qxb5 Nxe1 22.Rxe1 Bd4 
23.b3 Qe6 24.Bf1 Qb6 25.Qe2 Qb4 26.Rc1 a5 27.Qg4 a4 28.Bc4 axb3 29.axb3 Qb6 
30.Kg2 Qg6 31.Qf3 Re8 32.Bd5 Rcd8 33.Rd1 Bf6 34.h4 h5 35.Be3 Rc8 36.Kh2 Qg4 
37.Kg2 Qxf3+ 38.Kxf3 g6 39.Rc1 Bd4 40.Bf4 Kg7 41.Bb7 Rcd8 42.Bd5 Re7 43.Rc4 Ra7 
44.b4 Ra2 45.Rxd4 Ra3+ 46.Kg2 cxd4 47.Be5+ f6 48.Bxd4 Rd3 49.Be3 Rb8 50.Bc5 Rd8 
51.Bc6 Rc3 52.Bd5 Rc2 53.Be3 Rb8 54.Bc5 Rb5 55.Be7 Rc7 56.Bd6 Rc8 57.Kf3 Rc3+ 
58.Ke2 Rc2+ 59.Ke3 Rb2 60.Kd4 R5xb4+ 61.Bxb4 Rxb4+ 62.Ke3 Kf8 63.Kf4 Ke7 64.f3 
Kd6 65.g4 Ke7 66.gxh5 gxh5 0-1

[Event "Turniej Niepodleglosci 2023"]
[Site "Warsaw POL"]
[Date "2023.11.11"]
[Round "3.19"]
[White "Malicka, Maria"]
[Black "Siekanska, Maria"]
[Result "0-1"]
[WhiteElo "2149"]
[BlackElo "2006"]
[PlyCount "84"]

1.e4 c5 2.Nf3 d6 3.d4 cxd4 4.Nxd4 Nf6 5.Nc3 a6 6.Bg5 e6 7.f4 Qb6 8.Nb3 Qc7 
9.Be2 Be7 10.Bf3 Nc6 11.O-O O-O 12.Qe2 h6 13.Bxf6 Bxf6 14.Rad1 Rb8 15.a4 b5 
16.axb5 axb5 17.Kh1 b4 18.Nb5 Rxb5 19.Qxb5 Bxb2 20.e5 d5 21.Be2 Bc3 22.Bd3 Bb7 
23.Qc5 Ra8 24.Qe3 Ba6 25.h3 Bxd3 26.Qxd3 Ra3 27.Rf2 Na5 28.Nxa5 Be1 29.Rxe1 
Rxd3 30.cxd3 Qxa5 31.Rb1 b3 32.Rfb2 Qa4 33.g3 h5 34.h4 Qd4 35.Rxb3 Qf2 36.Rg1 
Kh7 37.Rg2 Qf1+ 38.Kh2 Kg6 39.Ra3 f6 40.exf6 gxf6 41.Ra6 Kf5 42.d4 Qxa6 0-1

[Event "Turniej Niepodleglosci 2023"]
[Site "Warsaw POL"]
[Date "2023.11.11"]
[Round "3.20"]
[White "Jarocka, Liwia"]
[Black "Fishchuk, Vladyslav"]
[Result "1/2-1/2"]
[WhiteElo "1975"]
[BlackElo "2144"]
[PlyCount "110"]

1.e4 c5 2.Nf3 Nc6 3.Bb5 g6 4.O-O Bg7 5.c3 e5 6.d4 cxd4 7.cxd4 exd4 8.Bf4 a6 
9.Qa4 Nge7 10.Bd6 Qb6 11.Bxc6 dxc6 12.Qa3 Qd8 13.e5 Nf5 14.Re1 Nxd6 15.exd6+ 
Be6 16.Qc5 O-O 17.Nxd4 Bd7 18.Rd1 b6 19.Qa3 c5 20.Nf3 Re8 21.Nc3 Bc6 22.Nd5 Re6 
23.Nc7 Rxd6 24.Rxd6 Qxd6 25.Nxa8 Bxa8 26.Qxa6 Bxf3 27.Qc8+ Bf8 28.gxf3 Qe5 
29.Rd1 Kg7 30.b3 Bd6 31.Qh3 Qf6 32.Qg4 Be5 33.Rd5 Bd4 34.Kg2 h5 35.Qg3 b5 
36.Qd6 Qh4 37.Qg3 Qf6 38.Qd6 Qh4 39.Qg3 Qf6 40.f4 Qa6 41.f5 Qc6 42.Qf3 g5 
43.Rd8 Qf6 44.Rb8 g4 45.Qd5 Qh4 46.f6+ Qxf6 47.f3 gxf3+ 48.Qxf3 Qg6+ 49.Qg3 b4 
50.Qxg6+ Kxg6 51.Kf3 Kg5 52.h3 f5 53.Rd8 Kh4 54.Kg2 f4 55.Rf8 Be3 1/2-1/2

[Event "Turniej Niepodleglosci 2023"]
[Site "Warsaw POL"]
[Date "2023.11.11"]
[Round "4.1"]
[White "Nguyen, Piotr"]
[Black "Piorun, Kacper"]
[Result "1-0"]
[WhiteElo "2275"]
[BlackElo "2502"]
[PlyCount "91"]

1.c4 e5 2.g3 f5 3.d4 d6 4.Nc3 Be7 5.Bg2 Nf6 6.Nf3 e4 7.Ng5 c6 8.Nh3 d5 9.cxd5 
cxd5 10.Bg5 Nc6 11.Nf4 Ng8 12.h4 h6 13.Bxe7 Ncxe7 14.Qa4+ Kf7 15.f3 Nf6 16.Qb3 
g5 17.hxg5 hxg5 18.Nh3 Kg6 19.O-O-O Qd6 20.Qc2 Bd7 21.Qd2 Rh5 22.g4 fxg4 
23.fxe4 gxh3 24.e5 Qe6 25.Rhf1 Nh7 26.Bf3 Rh4 27.e4 dxe4 28.Bxe4+ Rxe4 29.Nxe4 
Qc4+ 30.Nc3 Bf5 31.d5 b5 32.d6 b4 33.dxe7 bxc3 34.Qd6+ Kh5 35.Rxf5 cxb2+ 36.Kb1 
Rc8 37.Qd2 Qe4+ 38.Qd3 Qxd3+ 39.Rxd3 Kg4 40.Rf7 Rh8 41.Rxh7 Rxh7 42.e8=Q h2 
43.Qc8+ Kf4 44.Qc4+ Kf5 45.Rf3+ Kg6 46.Qe4+ 1-0

[Event "Turniej Niepodleglosci 2023"]
[Site "Warsaw POL"]
[Date "2023.11.11"]
[Round "4.2"]
[White "Przedmojski, Rafal"]
[Black "Baum, Jonasz"]
[Result "0-1"]
[WhiteElo "2240"]
[BlackElo "2323"]
[PlyCount "89"]

1.d4 Nf6 2.c4 e6 3.Nf3 d5 4.Nc3 Bb4 5.cxd5 exd5 6.Bg5 h6 7.Bh4 O-O 8.e3 Bf5 
9.Be2 Nbd7 10.a3 Be7 11.O-O c6 12.b4 b5 13.Bd3 Bxd3 14.Qxd3 Re8 15.Bxf6 Nxf6 
16.Ne5 Qb6 17.Rfc1 Rec8 18.Rab1 a5 19.e4 axb4 20.axb4 dxe4 21.Nxe4 Nd5 22.Nc5 
Bxc5 23.Rxc5 Ne7 24.Qb3 Nd5 25.Nxc6 Rxc6 26.Qxd5 Ra6 27.Rxb5 Qa7 28.Ra5 Qc7 
29.g3 Rd6 30.Qe5 Rac6 31.Rc5 Qd7 32.b5 Rb6 33.Rb4 Re6 34.Qd5 Red6 35.Qf5 Qe7 
36.Rc8+ Rd8 37.Rxd8+ Qxd8 38.Rc4 Rb8 39.Qe5 Ra8 40.Kg2 Qb6 41.Rc6 Qb7 42.Qd5 
Ra1 43.Rd6 Qe7 44.Rd7 Qf6 45.Qe5 0-1

[Event "Turniej Niepodleglosci 2023"]
[Site "Warsaw POL"]
[Date "2023.11.11"]
[Round "4.3"]
[White "Bartel, Michal"]
[Black "Cukrowski, Filip"]
[Result "0-1"]
[WhiteElo "2220"]
[BlackElo "2298"]
[PlyCount "73"]

1.e4 c5 2.Ne2 Nc6 3.g3 g6 4.Bg2 Bg7 5.c3 e5 6.d3 Nge7 7.Be3 d6 8.O-O O-O 9.f4 
b6 10.Nd2 d5 11.Nf3 dxe4 12.Nxe5 Nxe5 13.fxe5 Nd5 14.Bc1 Bxe5 15.Bxe4 Bh3 
16.Rf2 Rc8 17.Bh6 Re8 18.Qd2 c4 19.dxc4 Nf6 20.Bd5 Qc7 21.Qg5 Qc5 22.b4 Qe7 
23.Qh4 Nxd5 24.Qxh3 Nxc3 25.Nxc3 Bxc3 26.Rd1 Bxb4 27.Rd7 Qe1+ 28.Rf1 Bc5+ 
29.Kh1 Qe4+ 30.Qg2 Qxg2+ 31.Kxg2 Re7 32.Rfd1 Re2+ 33.Kh3 Bf8 34.Bxf8 Kxf8 
35.Rxa7 Rxc4 36.Rf1 Re7 37.Rf6 0-1

[Event "Turniej Niepodleglosci 2023"]
[Site "Warsaw POL"]
[Date "2023.11.11"]
[Round "4.4"]
[White "Eggink, Ryszard"]
[Black "Zochowski, Kacper"]
[Result "1-0"]
[WhiteElo "2283"]
[BlackElo "2183"]
[PlyCount "105"]

1.d4 d6 2.e4 Nf6 3.Nc3 e5 4.Nf3 Nbd7 5.Bc4 Be7 6.O-O O-O 7.a4 c6 8.Re1 Qc7 9.a5 
h6 10.Nh4 exd4 11.Qxd4 Ne5 12.Ba2 Ne8 13.Nf3 Nxf3+ 14.gxf3 Bf6 15.Qd3 Be6 
16.Bf4 Bxa2 17.Rxa2 Qe7 18.Bg3 Rd8 19.Raa1 Nc7 20.Rad1 Be5 21.f4 Bf6 22.f5 Be5 
23.f4 Bf6 24.Qf3 Rfe8 25.e5 dxe5 26.Rxd8 Rxd8 27.fxe5 Bh4 28.Ne4 Bxg3 29.Qxg3 
Kh8 30.f6 Qf8 31.Rf1 g6 32.Nd6 Ne6 33.Nxb7 Rd2 34.Rf2 Rd1+ 35.Kg2 Qa8 36.Nd6 
c5+ 37.Qf3 Nf4+ 38.Kg3 Nh5+ 39.Kh3 Qxf3+ 40.Rxf3 Kg8 41.Rb3 Nf4+ 42.Kg4 Ne6 
43.Rb8+ Kh7 44.Nxf7 h5+ 45.Kf3 g5 46.Re8 Nd4+ 47.Ke4 Kg6 48.Nd6 g4 49.f7 Nxc2 
50.Rg8+ Kh7 51.f8=Q Rd4+ 52.Kf5 Ne3+ 53.Kg5 1-0

[Event "Turniej Niepodleglosci 2023"]
[Site "Warsaw POL"]
[Date "2023.11.11"]
[Round "4.5"]
[White "Pacan-milej, Kosma"]
[Black "Golubka, Petro"]
[Result "0-1"]
[WhiteElo "2232"]
[BlackElo "2390"]
[PlyCount "86"]

1.d4 d5 2.c4 e6 3.Nc3 Nf6 4.cxd5 exd5 5.Bg5 c6 6.e3 a6 7.Bd3 Be7 8.Qc2 Nbd7 
9.h3 Nh5 10.Bxe7 Qxe7 11.O-O-O g6 12.Nf3 O-O 13.g4 Ng7 14.h4 Nf6 15.g5 Nfh5 
16.Ne5 Bf5 17.Kb1 Rfd8 18.Bxf5 Nxf5 19.Na4 a5 20.Nc5 Qc7 21.Ng4 Nd6 22.Nd3 Nc4 
23.Nde5 b5 24.Nh6+ Kg7 25.Nhxf7 Rdb8 26.Qe2 a4 27.Ka1 Rf8 28.Nxc4 bxc4 29.Ne5 
a3 30.b3 c5 31.bxc4 cxd4 32.exd4 Nf4 33.Qc2 Rab8 34.Rb1 Ne6 35.Qc3 Rxf2 36.Rhf1 
Rxf1 37.Rxf1 Qb6 38.cxd5 Nf4 39.Nc6 Nxd5 40.Qxa3 Qxc6 41.Qf3 Qb7 42.Qa3 Ne3 
43.Rc1 Nc2+ 0-1

[Event "Turniej Niepodleglosci 2023"]
[Site "Warsaw POL"]
[Date "2023.11.11"]
[Round "4.6"]
[White "Jakubowski, Krzysztof"]
[Black "Janeczko, Jakub"]
[Result "1-0"]
[WhiteElo "2367"]
[BlackElo "2013"]
[PlyCount "63"]

1.e4 g6 2.d4 Bg7 3.Nc3 c6 4.f4 d5 5.e5 Nh6 6.Be3 Nf5 7.Bf2 h5 8.Nf3 b6 9.g3 Ba6 
10.Bxa6 Nxa6 11.Qe2 Nc7 12.h3 e6 13.O-O-O Qd7 14.g4 Ne7 15.Ng5 Bh6 16.Bh4 a5 
17.Na4 Rb8 18.b3 Qc8 19.Kb1 Na6 20.Rhf1 b5 21.Nc5 Nxc5 22.dxc5 a4 23.b4 a3 
24.f5 exf5 25.e6 Bxg5 26.exf7+ Kxf7 27.Bxg5 Rb7 28.Rde1 Qd7 29.Qe5 Rh7 30.gxf5 
gxf5 31.Qf6+ Kg8 32.Rg1 1-0

[Event "Turniej Niepodleglosci 2023"]
[Site "Warsaw POL"]
[Date "2023.11.11"]
[Round "4.7"]
[White "Szustakowski, Antoni"]
[Black "Kubicka, Anna"]
[Result "1/2-1/2"]
[WhiteElo "2256"]
[BlackElo "2122"]
[PlyCount "46"]

1.d4 Nf6 2.c4 e6 3.Nc3 Bb4 4.f3 c5 5.d5 exd5 6.cxd5 d6 7.e4 h6 8.Ne2 a6 9.a4 
Nbd7 10.Ng3 Ne5 11.Be2 O-O 12.O-O c4 13.Be3 Qc7 14.Bd4 Bc5 15.Kh1 Qb6 16.Bxc5 
Qxc5 17.h3 Qe3 18.Qc1 Qg5 19.Kh2 Qh4 20.Qe1 Qf4 21.Qc1 Qh4 22.Qe1 Qf4 23.Qc1 
Qh4 1/2-1/2

[Event "Turniej Niepodleglosci 2023"]
[Site "Warsaw POL"]
[Date "2023.11.11"]
[Round "4.8"]
[White "Heberla, Bartlomiej"]
[Black "Bartel, Marta"]
[Result "1-0"]
[WhiteElo "2481"]
[BlackElo "2087"]
[PlyCount "83"]

1.e4 c5 2.Nf3 Nc6 3.d4 cxd4 4.Nxd4 Nf6 5.Nc3 d6 6.Bg5 e6 7.Bb5 Bd7 8.Qd3 h6 
9.Bh4 Ne5 10.Qh3 Bxb5 11.Ndxb5 a6 12.Bxf6 gxf6 13.Nd4 h5 14.f4 Nc6 15.O-O-O 
Nxd4 16.Rxd4 Qa5 17.Rhd1 O-O-O 18.Rd5 Qc7 19.Rxh5 Rxh5 20.Qxh5 d5 21.exd5 Qxf4+ 
22.Kb1 Bb4 23.Qxf7 Bxc3 24.Qxe6+ Kb8 25.bxc3 Qc4 26.Qxf6 Rc8 27.Qd4 Qb5+ 28.Qb4 
Qe2 29.Rd3 Qf1+ 30.Kb2 Qxg2 31.Qf4+ Ka8 32.d6 Qc6 33.d7 Rd8 34.Qd6 Qb5+ 35.Qb4 
Qc6 36.Rd6 Qc7 37.Qd4 Qa5 38.Qc4 Kb8 39.h4 Qe5 40.Qd5 Qe3 41.Re6 Rxd7 42.Qxd7 1-0

[Event "Turniej Niepodleglosci 2023"]
[Site "Warsaw POL"]
[Date "2023.11.11"]
[Round "4.9"]
[White "Redzisz, Michal"]
[Black "Krasenkow, Michal"]
[Result "0-1"]
[WhiteElo "2122"]
[BlackElo "2435"]
[PlyCount "134"]

1.e4 g6 2.d4 Bg7 3.Nf3 d6 4.c3 Nf6 5.Bd3 O-O 6.O-O Nc6 7.h3 e5 8.dxe5 Nxe5 
9.Nxe5 dxe5 10.Be3 Be6 11.Na3 Nh5 12.Qe2 Nf4 13.Bxf4 exf4 14.Bc4 Qe7 15.Rad1 
Rfe8 16.f3 Bxc3 17.Bxe6 fxe6 18.bxc3 Qxa3 19.Qc4 Re7 20.e5 Rf8 21.Rd4 Rf5 
22.Rxf4 Rxe5 23.Kh1 Qc5 24.Qa4 Qb5 25.Qd1 Rd7 26.Rd4 Rxd4 27.cxd4 Re2 28.Qc1 
Rxa2 29.Re1 Qb2 30.Qg5 Qxd4 31.Rxe6 Re2 32.Rxe2 Qd1+ 33.Kh2 Qxe2 34.Qd8+ Kf7 
35.Qxc7+ Qe7 36.Qc4+ Kf8 37.Qf4+ Kg7 38.Qd4+ Kh6 39.Qxa7 Qe5+ 40.Kh1 b5 41.Qf7 
Qf5 42.Qe7 g5 43.Qd6+ Kg7 44.Qe7+ Kg6 45.Qd6+ Kf7 46.Qc7+ Ke8 47.Qc6+ Qd7 
48.Qc5 h6 49.Qe5+ Kf7 50.Qh8 Qd1+ 51.Kh2 Qd6+ 52.Kh1 b4 53.Qh7+ Ke8 54.Qe4+ Kd8 
55.h4 Kc7 56.h5 Kb6 57.Qg6 Qc6 58.Qd3 Ka5 59.Qg6 Qc1+ 60.Kh2 Qf4+ 61.g3 Qd2+ 
62.Kh3 b3 63.Qxh6 b2 64.Qh7 Qe2 65.Qf5+ Kb4 66.Qb1 Kc3 67.h6 Qd3 0-1

[Event "Turniej Niepodleglosci 2023"]
[Site "Warsaw POL"]
[Date "2023.11.11"]
[Round "4.10"]
[White "Kanarek, Marcel"]
[Black "Galuszka, Tomasz"]
[Result "1-0"]
[WhiteElo "2396"]
[BlackElo "2069"]
[PlyCount "147"]

1.e4 c6 2.Nf3 d5 3.d3 dxe4 4.dxe4 Qxd1+ 5.Kxd1 g6 6.Nbd2 f5 7.exf5 Bxf5 8.Nd4 
Nf6 9.Nxf5 gxf5 10.Bd3 e6 11.Re1 Kd7 12.Nf3 Bd6 13.Ke2 Na6 14.Bxa6 bxa6 15.b3 
Ne4 16.Bb2 Rhg8 17.g3 Kc7 18.Kf1 Bb4 19.Re3 Rad8 20.a3 Bc5 21.Re2 Rge8 22.Ne1 
Bd4 23.Bxd4 Rxd4 24.Nd3 Nc3 25.Re5 Rd5 26.Rae1 Kd6 27.R5e3 Ne4 28.f3 Nc5 29.Nf4 
Rd2 30.b4 Na4 31.Rxe6+ Rxe6 32.Rxe6+ Kd7 33.Re2 Rd1+ 34.Re1 Rd2 35.Re5 Rxc2 
36.Rxf5 Rxh2 37.Rf7+ Kd6 38.Rxa7 Nc3 39.Rxa6 Ra2 40.Ra7 Ke5 41.Rxh7 Rxa3 
42.Re7+ Kd4 43.Kg2 Kc4 44.g4 Kxb4 45.g5 Ra5 46.g6 Nd1 47.Kg3 Rg5+ 48.Kh4 Rg1 
49.g7 Ne3 50.Rxe3 Rxg7 51.Ne6 Rh7+ 52.Kg5 c5 53.Kg6 Rh3 54.Ng5 Rg3 55.Kf5 c4 
56.Ne4 Rh3 57.Kg4 Rh8 58.f4 Rg8+ 59.Kf3 Rf8 60.Nc3 Kc5 61.Ne2 Kb4 62.Kg4 Rg8+ 
63.Kh4 Rf8 64.Kg5 Rg8+ 65.Kf6 Rd8 66.Kf5 Rd3 67.Ke4 Rd8 68.f5 Kc5 69.Kf4 Kd5 
70.Re5+ Kd6 71.Re6+ Kd5 72.Re5+ Kd6 73.Re3 Kd5 74.f6 1-0

[Event "Turniej Niepodleglosci 2023"]
[Site "Warsaw POL"]
[Date "2023.11.11"]
[Round "4.11"]
[White "Krawczyk, Flawian"]
[Black "Kuzmicz, Krystian"]
[Result "1/2-1/2"]
[WhiteElo "2116"]
[BlackElo "2359"]
[PlyCount "92"]

1.d4 g6 2.e4 Bg7 3.Nc3 c6 4.Nf3 d5 5.h3 Nf6 6.Bd3 dxe4 7.Nxe4 Nbd7 8.O-O O-O 
9.Re1 Nxe4 10.Bxe4 Qc7 11.c3 e5 12.Be3 exd4 13.Bxd4 Nf6 14.Bd3 Bd7 15.Bc4 Rad8 
16.Ng5 Bf5 17.Qf3 Nd5 18.Bxg7 Kxg7 19.Rad1 h6 20.Ne4 Bxe4 21.Rxe4 Nf6 22.Red4 
Rxd4 23.Rxd4 Rd8 24.Qd3 Rxd4 25.Qxd4 b6 26.Bb3 c5 27.Qc4 Qe7 28.Kf1 Ne8 29.Qd5 
Nd6 30.Bc2 Ne8 31.Qe4 Qxe4 32.Bxe4 g5 33.Ke2 Nd6 34.Bd3 Kf6 35.Kf3 h5 36.Ke3 
Kg7 37.g3 f6 38.Be2 Kg6 39.Bd3+ Kh6 40.Be2 f5 41.Bd3 Kg7 42.h4 Kf6 43.hxg5+ 
Kxg5 44.Kf3 Nf7 45.Ke3 Nd6 46.Kf3 Nf7 1/2-1/2

[Event "Turniej Niepodleglosci 2023"]
[Site "Warsaw POL"]
[Date "2023.11.11"]
[Round "4.12"]
[White "Gdanski, Jacek"]
[Black "Kovalevsky, Stanislav"]
[Result "1-0"]
[WhiteElo "2356"]
[BlackElo "2023"]
[PlyCount "55"]

1.e4 c6 2.d4 d5 3.exd5 cxd5 4.c4 Nf6 5.Nc3 g6 6.cxd5 Bg7 7.Bc4 O-O 8.Nge2 Nbd7 
9.Nf4 Nb6 10.Bb3 Bf5 11.O-O Rc8 12.Re1 a6 13.h3 h5 14.Qe2 Re8 15.Bd2 Qd6 16.a3 
h4 17.Rad1 Rxc3 18.bxc3 Qxa3 19.Bc4 g5 20.Bd3 Bxd3 21.Nxd3 Nfxd5 22.Rc1 Nc4 
23.Bxg5 Nxc3 24.Qg4 f5 25.Qh5 Nd6 26.Rxe7 Rxe7 27.Bxe7 Nd5 28.Rc8+ 1-0

[Event "Turniej Niepodleglosci 2023"]
[Site "Warsaw POL"]
[Date "2023.11.11"]
[Round "4.13"]
[White "Mis, Mieszko"]
[Black "Goraj, Barbara"]
[Result "1-0"]
[WhiteElo "2321"]
[BlackElo "2022"]
[PlyCount "105"]

1.Nf3 Nf6 2.c4 g6 3.b3 c5 4.Bb2 Bg7 5.g3 d6 6.Bg2 O-O 7.O-O e5 8.Nc3 Nc6 9.d3 
Rb8 10.Qd2 a6 11.e3 b5 12.Ng5 Bd7 13.Nge4 Qe7 14.Rac1 Rfd8 15.Nxf6+ Qxf6 16.Nd5 
Qe6 17.Nc7 Qe7 18.Nxa6 bxc4 19.Nxb8 Rxb8 20.dxc4 Bf8 21.Rcd1 h5 22.f4 e4 23.Qc3 
f5 24.Qh8+ Kf7 25.Qh7+ Ke8 26.Qxg6+ Qf7 27.Qxf7+ Kxf7 28.Bc3 Ra8 29.Rd2 Ra3 
30.h3 Be6 31.Rc1 Be7 32.g4 Kg6 33.gxf5+ Bxf5 34.Bf1 h4 35.Rcd1 Kf7 36.Rg2 Ke6 
37.Kh2 Ra8 38.Rdd2 Nd8 39.Be2 Nc6 40.Bg4 Rf8 41.Bg7 Ra8 42.Bh6 Nb4 43.Bxf5+ 
Kxf5 44.Bg5 Bf8 45.Bxh4 Nd3 46.Rg8 Ke6 47.Rdg2 Kf7 48.Rh8 Ra3 49.Rh7+ Ke8 
50.Rg8 Rxa2+ 51.Kg3 Ne1 52.Re7+ Kd8 53.Rxf8# 1-0

[Event "Turniej Niepodleglosci 2023"]
[Site "Warsaw POL"]
[Date "2023.11.11"]
[Round "4.14"]
[White "Kokoszczynski, Jan"]
[Black "Adamski, Jan"]
[Result "1-0"]
[WhiteElo "2257"]
[BlackElo "1955"]
[PlyCount "122"]

1.d4 Nf6 2.c4 e6 3.Nc3 Bb4 4.e3 b6 5.Bd3 Bb7 6.Nf3 c5 7.a3 Bxc3+ 8.bxc3 Be4 
9.O-O O-O 10.Bb2 d6 11.Be2 Nbd7 12.a4 Rc8 13.Nd2 Bb7 14.Bd3 d5 15.cxd5 Nxd5 
16.Nf3 N5f6 17.Qe2 Qc7 18.e4 Qf4 19.Rfe1 cxd4 20.cxd4 Qg4 21.h3 Qh5 22.a5 bxa5 
23.Qd2 Qg6 24.e5 Be4 25.Nh4 Qh5 26.Bxe4 Qxh4 27.exf6 Nxf6 28.Bf3 Rfd8 29.Rxa5 
Nd5 30.Bxd5 Rxd5 31.Rxd5 exd5 32.Ba3 Qf6 33.Bc5 a6 34.Qe2 g6 35.Qe5 Kg7 36.Qxd5 
a5 37.Qe5 a4 38.Be7 Qxe5 39.dxe5 Ra8 40.Re3 Ra7 41.Bf6+ Kf8 42.Ra3 Ke8 43.Kf1 
Kd7 44.Ke2 Kc6 45.Kd3 Kb5 46.Kc3 Rc7+ 47.Kb2 Kb4 48.Bg5 Rd7 49.Rf3 Ra7 50.Bd2+ 
Kc4 51.h4 Kd5 52.Re3 a3+ 53.Rxa3 Rxa3 54.Kxa3 Kxe5 55.Kb4 Kf5 56.Kc4 Kg4 57.g3 
Kf3 58.Be3 Ke4 59.Kc5 Ke5 60.Bd4+ Ke6 61.Ba1 Ke7 1-0

[Event "Turniej Niepodleglosci 2023"]
[Site "Warsaw POL"]
[Date "2023.11.11"]
[Round "4.15"]
[White "Chomczyk, Marek"]
[Black "Klim, Filip"]
[Result "1-0"]
[WhiteElo "2211"]
[BlackElo "1898"]
[PlyCount "113"]

1.c4 e6 2.g3 d5 3.Bg2 Nf6 4.Nf3 Be7 5.O-O O-O 6.d4 dxc4 7.Qc2 a6 8.a4 Bd7 
9.Qxc4 b5 10.Qc2 Bc6 11.Bd2 Be4 12.Qc1 b4 13.Bf4 Nd5 14.Nbd2 Nxf4 15.gxf4 Bb7 
16.Nc4 Nd7 17.Na5 Bd5 18.Nc6 Qe8 19.Qc2 Nf6 20.Nxe7+ Qxe7 21.Rfc1 Rfc8 22.Qc5 
Qd6 23.Ne5 Bxg2 24.Kxg2 a5 25.e3 Ne4 26.Qc6 Qxc6 27.Rxc6 f6 28.Nd3 Kf7 29.Rac1 
Ra7 30.f3 Nd2 31.Nc5 e5 32.fxe5 fxe5 33.Rc2 Nb1 34.dxe5 Rd8 35.Ne4 Rd1 36.f4 b3 
37.Rxc7+ Rxc7 38.Rxc7+ Ke6 39.Nc5+ Kf5 40.Nxb3 Rd3 41.Nd4+ Ke4 42.e6 Rxe3 
43.Nb5 Kxf4 44.Rf7+ Kg5 45.Rxg7+ Kf6 46.Rxh7 Kxe6 47.Nd4+ Kd5 48.Nf3 Re2+ 
49.Kg3 Rxb2 50.Rh5+ Ke4 51.Rxa5 Rb3 52.Re5+ Kd3 53.h4 Ra3 54.a5 Nc3 55.h5 Ne2+ 
56.Kf2 Ra2 57.Ne1+ 1-0

[Event "Turniej Niepodleglosci 2023"]
[Site "Warsaw POL"]
[Date "2023.11.11"]
[Round "4.16"]
[White "Rozycki, Bartlomiej"]
[Black "Czernek, Tymon"]
[Result "0-1"]
[WhiteElo "2059"]
[BlackElo "2180"]
[PlyCount "80"]

1.d4 Nf6 2.c4 e6 3.Nf3 d5 4.Nc3 Bb4 5.cxd5 exd5 6.Bg5 O-O 7.Qb3 Bxc3+ 8.bxc3 c6 
9.e3 Nbd7 10.Bd3 Qa5 11.O-O Ne4 12.Be7 Re8 13.Bb4 Qc7 14.c4 a5 15.Ba3 dxc4 
16.Bxc4 Ndf6 17.Rfc1 a4 18.Qb4 Ng4 19.Rc2 Be6 20.h3 Nh6 21.Rb1 Bxc4 22.Rxc4 b5 
23.Rcc1 Qb7 24.d5 c5 25.Qxb5 Qxd5 26.Qc4 Qh5 27.Bxc5 Rac8 28.Qxa4 Nxc5 29.Qa5 
Qg6 30.Rb6 Ne6 31.Rxc8 Rxc8 32.Nd4 Qe4 33.Nxe6 fxe6 34.Qd2 Qe5 35.f4 Qe4 36.Rb4 
Qc6 37.a4 Nf5 38.e4 Qc5+ 39.Kh2 Ne3 40.Rb5 Nf1+ 0-1

[Event "Turniej Niepodleglosci 2023"]
[Site "Warsaw POL"]
[Date "2023.11.11"]
[Round "4.17"]
[White "Chylewski, Patryk"]
[Black "Grajczak, Adrian"]
[Result "1-0"]
[WhiteElo "2173"]
[BlackElo "1926"]
[PlyCount "37"]

1.e4 c5 2.Nf3 d6 3.c3 g6 4.d4 cxd4 5.cxd4 Bg7 6.Nc3 Nf6 7.h3 O-O 8.Bd3 Nc6 
9.Be3 e5 10.O-O exd4 11.Nxd4 Ne5 12.Be2 d5 13.f4 Nc4 14.Bxc4 dxc4 15.Ndb5 Qe7 
16.Qd6 Re8 17.e5 Qf8 18.Qxf8+ Bxf8 19.Nc7 1-0

[Event "Turniej Niepodleglosci 2023"]
[Site "Warsaw POL"]
[Date "2023.11.11"]
[Round "4.18"]
[White "Siekanska, Maria"]
[Black "Mulawa, Cyprian"]
[Result "0-1"]
[WhiteElo "2006"]
[BlackElo "2170"]
[PlyCount "126"]

1.d4 d5 2.c4 c6 3.cxd5 cxd5 4.Nc3 Nf6 5.Bf4 Nc6 6.Nf3 a6 7.Rc1 Bf5 8.e3 e6 
9.Qb3 Bb4 10.Ne5 Qa5 11.Nxc6 bxc6 12.Be2 Ne4 13.f3 Nxc3 14.bxc3 Ba3 15.Rd1 O-O 
16.O-O c5 17.c4 cxd4 18.exd4 dxc4 19.Bxc4 Rfc8 20.Kh1 Qb4 21.Qxb4 Bxb4 22.Bb3 
a5 23.Rc1 Bd3 24.Rfd1 Be2 25.Rxc8+ Rxc8 26.Rc1 Rxc1+ 27.Bxc1 Bc3 28.Be3 Bb5 
29.a4 Bc6 30.Kg1 Kf8 31.Kf2 Ke7 32.Ke2 Bb4 33.Bd2 Bxd2 34.Kxd2 g5 35.Ke3 Kd6 
36.g3 f5 37.f4 g4 38.Kd3 Bd5 39.Bd1 Ba2 40.Ke3 Kd5 41.Be2 Bc4 42.Bd1 h6 43.Bc2 
Bf1 44.Bb3+ Bc4 45.Bd1 Ba2 46.Be2 Bb3 47.Bb5 Bc2 48.Kd2 Bb3 49.Ke3 Bc4 50.Be8 
Bb3 51.Bb5 Bc4 52.Be8 Ba6 53.Bd7 Bb7 54.Bb5 Bc6 55.Bf1 Bxa4 56.Bg2+ Kd6 57.Kd3 
Bc6 58.d5 Bxd5 59.Bf1 Kc5 60.Kc3 a4 61.Be2 a3 62.Bd1 a2 63.Kb2 Kd4 0-1

[Event "Turniej Niepodleglosci 2023"]
[Site "Warsaw POL"]
[Date "2023.11.11"]
[Round "4.19"]
[White "Mickiewicz, Piotr"]
[Black "Polak, Michal"]
[Result "0-1"]
[WhiteElo "2153"]
[BlackElo "1862"]
[PlyCount "104"]

1.Nf3 Nf6 2.c4 e6 3.g3 d5 4.Bg2 d4 5.O-O c5 6.e3 Nc6 7.exd4 cxd4 8.d3 Bd6 9.a3 
a5 10.Re1 O-O 11.Bg5 h6 12.Bxf6 Qxf6 13.Nbd2 Bc7 14.c5 e5 15.Qa4 Be6 16.Qb5 Bd5 
17.Ne4 Qe6 18.Nfd2 f5 19.Nd6 Bxg2 20.Kxg2 Qd5+ 21.f3 Bxd6 22.b4 axb4 23.axb4 
Rxa1 24.Rxa1 Rb8 25.Qc4 Qxc4 26.Nxc4 Bf8 27.b5 Nb4 28.Nxe5 Bxc5 29.Nd7 Rc8 
30.Rc1 Nxd3 31.Rd1 Rd8 32.Nf6+ gxf6 33.Rxd3 b6 34.Kh3 Re8 35.f4 Re3 36.Rd2 Rb3 
37.Ra2 Rxb5 38.Ra7 Rb2 39.Rd7 Rd2 40.g4 fxg4+ 41.Kxg4 Rxh2 42.Kf5 Kf8 43.Kxf6 
Ke8 44.Rd5 Rd2 45.f5 d3 46.Ke6 Re2+ 47.Kf6 d2 48.Kg7 Rg2+ 49.Kf6 Bb4 50.Ke6 Rg1 
51.f6 d1=Q 52.f7+ Kf8 0-1

[Event "Turniej Niepodleglosci 2023"]
[Site "Warsaw POL"]
[Date "2023.11.11"]
[Round "4.20"]
[White "Borowik, Wojciech"]
[Black "Fishchuk, Vladyslav"]
[Result "0-1"]
[WhiteElo "1822"]
[BlackElo "2144"]
[PlyCount "69"]

1.d4 d5 2.c4 e6 3.Nc3 c5 4.cxd5 cxd4 5.Qxd4 Nc6 6.Qd1 exd5 7.Qxd5 Bd6 8.Nf3 Nf6 
9.Qd1 O-O 10.e3 Qe7 11.Be2 Rd8 12.Bd2 Bg4 13.h3 Bh5 14.O-O Rac8 15.Qb3 Bb8 
16.Rfd1 Ne5 17.Nd4 Bg6 18.Be1 a6 19.Rac1 b5 20.a4 b4 21.Na2 a5 22.Rxc8 Rxc8 
23.Nc1 Be4 24.Nd3 Bd5 25.Qc2 Rxc2 26.Nxc2 Qc7 27.Nd4 Nxd3 28.Bxd3 Qh2+ 29.Kf1 
Qxg2+ 30.Ke2 Be5 31.Rc1 g6 32.Rc8+ Kg7 33.Kd1 Bxd4 34.exd4 Qf3+ 35.Kc1 0-1

[Event "Turniej Niepodleglosci 2023"]
[Site "Warsaw POL"]
[Date "2023.11.11"]
[Round "5.1"]
[White "Baum, Jonasz"]
[Black "Eggink, Ryszard"]
[Result "1/2-1/2"]
[WhiteElo "2323"]
[BlackElo "2283"]
[PlyCount "163"]

1.e4 c5 2.Nf3 d6 3.d4 cxd4 4.Nxd4 Nf6 5.Nc3 a6 6.h3 e6 7.g4 h6 8.a3 Nc6 9.Be3 
Be7 10.Be2 g5 11.Qd2 Qc7 12.O-O-O Bd7 13.f3 Ne5 14.h4 gxh4 15.Bxh6 Ng8 16.Be3 
b5 17.f4 Nc4 18.Bxc4 Qxc4 19.e5 d5 20.Nb3 a5 21.Qd4 b4 22.axb4 axb4 23.Nb1 Nh6 
24.Rdg1 Rg8 25.f5 Rxg4 26.Rxg4 Nxg4 27.f6 Bf8 28.N1d2 Qe2 29.Bf4 h3 30.Kb1 h2 
31.Qd3 Qg2 32.Qf1 Qxf1+ 33.Rxf1 d4 34.Nxd4 Bc5 35.N2b3 Bb6 36.Bxh2 O-O-O 37.Bf4 
Ba4 38.Nf3 Bc6 39.Ng5 Rd7 40.Re1 Bd5 41.Nc1 Bc7 42.Nd3 b3 43.Nc5 bxc2+ 44.Kxc2 
Ba5 45.Nxd7 Kxd7 46.Ra1 Bc7 47.Nxf7 Nxf6 48.exf6 Bxf4 49.Ra7+ Ke8 50.Nh8 Be4+ 
51.Kb3 Be5 52.Nf7 Bd5+ 53.Kb4 Bxf6 54.Nd6+ Kd8 55.Kc5 Bxb2 56.Nf7+ Ke8 57.Nd6+ 
Kf8 58.Ra4 Ke7 59.Ra7+ Kf8 60.Rf7+ Kg8 61.Ra7 Kf8 62.Nc4 Bf6 63.Ne3 Bh4 64.Ra4 
Be7+ 65.Kb6 Bd8+ 66.Ka7 Ke7 67.Kb8 Kd6 68.Kc8 Bg5 69.Ng4 Bc6 70.Ra6 Bf4 71.Ra1 
e5 72.Rd1+ Ke6 73.Kc7 Bf3 74.Rd6+ Kf5 75.Nh6+ Ke4 76.Kc6 Ke3+ 77.Kc5 e4 78.Nf5+ 
Kf2 79.Ra6 e3 80.Nxe3 Bxe3+ 81.Kd6 Bf4+ 82.Kc5 1/2-1/2

[Event "Turniej Niepodleglosci 2023"]
[Site "Warsaw POL"]
[Date "2023.11.11"]
[Round "5.2"]
[White "Cukrowski, Filip"]
[Black "Nguyen, Piotr"]
[Result "1-0"]
[WhiteElo "2298"]
[BlackElo "2275"]
[PlyCount "57"]

1.d4 g6 2.e4 Bg7 3.Nf3 d6 4.Be2 Nf6 5.Nc3 O-O 6.O-O a6 7.h3 b5 8.e5 Nfd7 9.Bg5 
h6 10.Be3 dxe5 11.dxe5 e6 12.Ne4 Nc6 13.Qc1 Kh7 14.Rd1 Qe7 15.c4 b4 16.Rxd7 
Qxd7 17.Nf6+ Bxf6 18.exf6 h5 19.Bh6 Rg8 20.Ng5+ Kh8 21.Qf4 Nd4 22.Nxf7+ Qxf7 
23.Qxd4 Kh7 24.Bg7 Bb7 25.Qe5 Rxg7 26.Bd3 Kg8 27.fxg7 Rd8 28.Re1 Rd7 29.Qg5 1-0

[Event "Turniej Niepodleglosci 2023"]
[Site "Warsaw POL"]
[Date "2023.11.11"]
[Round "5.3"]
[White "Golubka, Petro"]
[Black "Jakubowski, Krzysztof"]
[Result "1-0"]
[WhiteElo "2390"]
[BlackElo "2367"]
[PlyCount "73"]

1.e4 c5 2.Nf3 e6 3.d4 cxd4 4.Nxd4 Nc6 5.Nc3 Qc7 6.Ndb5 Qb8 7.f4 a6 8.Nd4 Nge7 
9.Be3 b5 10.Nxc6 Nxc6 11.Qd2 d6 12.O-O-O Be7 13.g4 O-O 14.h4 Na5 15.g5 Bd7 
16.Bd3 Rc8 17.Nd5 Bd8 18.Nf6+ gxf6 19.gxf6 Kf8 20.e5 Bc6 21.Rhg1 Bd5 22.Bxh7 
Ke8 23.Bf5 Qb7 24.h5 Nc4 25.Qxd5 Qxd5 26.Rxd5 Kd7 27.Bf2 Kc6 28.Rc5+ dxc5 
29.Be4+ Kd7 30.Bxa8 Ba5 31.Bb7 Bd2+ 32.Kb1 Rb8 33.Rg7 Bxf4 34.Rxf7+ Ke8 35.Re7+ 
Kf8 36.Bxc5 Nxe5 37.Rg7+ 1-0